<?xml version="1.0" encoding="UTF-8"?>
<record
    xmlns:xsi="http://www.w3.org/2001/XMLSchema-instance"
    xsi:schemaLocation="http://www.loc.gov/MARC21/slim http://www.loc.gov/standards/marcxml/schema/MARC21slim.xsd"
    xmlns="http://www.loc.gov/MARC21/slim">

  <leader>03758cam a2200397 i 4500</leader>
  <controlfield tag="001">20333442</controlfield>
  <controlfield tag="003">OSt</controlfield>
  <controlfield tag="005">20260318121748.0</controlfield>
  <controlfield tag="008">180201s2018    cau           000 0 eng  </controlfield>
  <datafield tag="010" ind1=" " ind2=" ">
    <subfield code="a">  2018003687</subfield>
  </datafield>
  <datafield tag="020" ind1=" " ind2=" ">
    <subfield code="a">9781523095568</subfield>
    <subfield code="q">paperback</subfield>
  </datafield>
  <datafield tag="035" ind1=" " ind2=" ">
    <subfield code="a">20333442</subfield>
  </datafield>
  <datafield tag="040" ind1=" " ind2=" ">
    <subfield code="a">DLC</subfield>
    <subfield code="b">eng</subfield>
    <subfield code="c">DLC</subfield>
    <subfield code="e">rda</subfield>
    <subfield code="d">DLC</subfield>
  </datafield>
  <datafield tag="042" ind1=" " ind2=" ">
    <subfield code="a">pcc</subfield>
  </datafield>
  <datafield tag="050" ind1="0" ind2="0">
    <subfield code="a">HM756</subfield>
    <subfield code="b">.B56 2018</subfield>
  </datafield>
  <datafield tag="082" ind1="0" ind2="0">
    <subfield code="a">307</subfield>
    <subfield code="2">23</subfield>
  </datafield>
  <datafield tag="084" ind1=" " ind2=" ">
    <subfield code="a">BUS085000</subfield>
    <subfield code="a">SOC026000</subfield>
    <subfield code="a">SOC005000</subfield>
    <subfield code="2">bisacsh</subfield>
  </datafield>
  <datafield tag="100" ind1="1" ind2=" ">
    <subfield code="a">Block, Peter,</subfield>
    <subfield code="e">author.</subfield>
  </datafield>
  <datafield tag="245" ind1="1" ind2="0">
    <subfield code="a">Community :</subfield>
    <subfield code="b">the structure of belonging /</subfield>
    <subfield code="c">Peter Block.</subfield>
  </datafield>
  <datafield tag="250" ind1=" " ind2=" ">
    <subfield code="a">Second Edition Revised and Updated.</subfield>
  </datafield>
  <datafield tag="264" ind1=" " ind2="1">
    <subfield code="a">Oakland :</subfield>
    <subfield code="b">Berrett-Koehler Publishers Inc. a BK Business book,</subfield>
    <subfield code="c">2018.</subfield>
  </datafield>
  <datafield tag="300" ind1=" " ind2=" ">
    <subfield code="a">xix, 229 pages ;</subfield>
    <subfield code="c">23 cm</subfield>
  </datafield>
  <datafield tag="336" ind1=" " ind2=" ">
    <subfield code="a">text</subfield>
    <subfield code="b">txt</subfield>
    <subfield code="2">rdacontent</subfield>
  </datafield>
  <datafield tag="337" ind1=" " ind2=" ">
    <subfield code="a">unmediated</subfield>
    <subfield code="b">n</subfield>
    <subfield code="2">rdamedia</subfield>
  </datafield>
  <datafield tag="338" ind1=" " ind2=" ">
    <subfield code="a">volume</subfield>
    <subfield code="b">nc</subfield>
    <subfield code="2">rdacarrier</subfield>
  </datafield>
  <datafield tag="500" ind1=" " ind2=" ">
    <subfield code="a">Revised edition of the author's Community, c2008.</subfield>
  </datafield>
  <datafield tag="520" ind1=" " ind2=" ">
    <subfield code="a">"The expanded and revised edition of Community tackles the hysteric rise of isolation and fear in a digitally interconnected world.  In the second edition of Community, author Peter Block offers practical advice and uplifting stories as a way to reject the increasing pull towards isolation and fear of the stranger in a new world of constant connection. This book explores the benefits of community and belonging to foster social change and reconciliation. As we continue to find new ways of being in constant connection with each other through technology, our workplaces are depopulated and we face growing trends of fundamentalism and nationalism, our fear of the stranger deepens. Block challenges this mindset and proves that community and the structure of belonging has the power to bring about positive social change when supported by the frameworks of compassion, equity and respect for the other. Backed by extensive research, this updated and expanded edition illuminates successful stories of community building as a form of healing. Covering stories about political gridlocks, poverty, people of faith, to institutional life, this revolutionary book offers a compelling argument of why we need community now more than ever"--</subfield>
    <subfield code="c">Provided by publisher.</subfield>
  </datafield>
  <datafield tag="520" ind1=" " ind2=" ">
    <subfield code="a">"In the second edition of Community, author Peter Block offers practical advice and uplifting stories as a way to reject the increasing pull towards isolation and fear of the stranger in a new world of constant connection. This book explores the benefits of community and belonging to foster social change and reconciliation. As we continue to find new ways of being in constant connection with each other through technology, our workplaces are depopulated and we face growing trends of fundamentalism and nationalism, our fear of the stranger deepens. Block challenges this mindset and proves that community and the structure of belonging has the power to bring about positive social change when supported by the frameworks of compassion, equity and respect for the other. Backed by extensive research, this updated and expanded edition illuminates successful stories of community building as a form of healing. Covering stories about political gridlocks, poverty, people of faith, to institutional life, this revolutionary book offers a compelling argument of why we need community now more than ever"--</subfield>
    <subfield code="c">Provided by publisher.</subfield>
  </datafield>
  <datafield tag="650" ind1=" " ind2="0">
    <subfield code="a">Communities.</subfield>
  </datafield>
  <datafield tag="650" ind1=" " ind2="7">
    <subfield code="a">BUSINESS &amp; ECONOMICS / Organizational Behavior.</subfield>
    <subfield code="2">bisacsh</subfield>
  </datafield>
  <datafield tag="650" ind1=" " ind2="7">
    <subfield code="a">SOCIAL SCIENCE / Sociology / General.</subfield>
    <subfield code="2">bisacsh</subfield>
  </datafield>
  <datafield tag="650" ind1=" " ind2="7">
    <subfield code="a">SOCIAL SCIENCE / Customs &amp; Traditions.</subfield>
    <subfield code="2">bisacsh</subfield>
  </datafield>
  <datafield tag="906" ind1=" " ind2=" ">
    <subfield code="a">7</subfield>
    <subfield code="b">cbc</subfield>
    <subfield code="c">orignew</subfield>
    <subfield code="d">1</subfield>
    <subfield code="e">ecip</subfield>
    <subfield code="f">20</subfield>
    <subfield code="g">y-gencatlg</subfield>
  </datafield>
  <datafield tag="942" ind1=" " ind2=" ">
    <subfield code="2">lcc</subfield>
    <subfield code="c">BK</subfield>
  </datafield>
  <datafield tag="999" ind1=" " ind2=" ">
    <subfield code="c">21548</subfield>
    <subfield code="d">21547</subfield>
  </datafield>
  <datafield tag="952" ind1=" " ind2=" ">
    <subfield code="0">0</subfield>
    <subfield code="1">0</subfield>
    <subfield code="2">lcc</subfield>
    <subfield code="7">0</subfield>
    <subfield code="a">KABU</subfield>
    <subfield code="b">KABU</subfield>
    <subfield code="c">GEN</subfield>
    <subfield code="d">2026-03-18</subfield>
    <subfield code="e">Donation</subfield>
    <subfield code="i">2025/2825</subfield>
    <subfield code="l">0</subfield>
    <subfield code="o">HM756 .B56 2018 C.1</subfield>
    <subfield code="p">39279</subfield>
    <subfield code="r">2026-03-18 12:18:55</subfield>
    <subfield code="t">C.1</subfield>
    <subfield code="w">2026-03-18</subfield>
    <subfield code="y">BK</subfield>
  </datafield>
</record>
